Online Catalogue and eLibrary

Shifting Body Politics (Record no. 1444)

MARC details
000 -LEADER
fixed length control field 00451nam a2200181Ia 4500
005 - DATE AND TIME OF LATEST TRANSACTION
control field 20241219005218.0
008 - FIXED-LENGTH DATA ELEMENTS--GENERAL INFORMATION
fixed length control field 240331s9999 xx 000 0 und d
020 ## - INTERNATIONAL STANDARD BOOK NUMBER
ISBN 8188965030
082 ## - DDC Classification
Item Number - Author Mark SHA
DDC Edition Number 5480
Class No. 305
100 ## - MAIN ENTRY--PERSONAL NAME
Personal name Rouse, S
245 #0 - TITLE STATEMENT
Title Shifting Body Politics
Remainder of title Gender, Nation, State in Pakistan
260 ## - PUBLICATION, DISTRIBUTION, ETC.
Place of publication, distribution, etc. New Delhi
Name of publisher, distributor, etc. Women Unlimited
Date of publication, distribution, etc. 2004
300 ## - PHYSICAL DESCRIPTION
Extent (e.g. Volumes, Pages etc.) 155 p.,
650 ## - SUBJECT ADDED ENTRY--TOPICAL TERM
Topical term or geographic name entry element Gender
650 ## - SUBJECT ADDED ENTRY--TOPICAL TERM
Topical term or geographic name entry element Nation
650 ## - SUBJECT ADDED ENTRY--TOPICAL TERM
Topical term or geographic name entry element State
942 ## - Koha item type (Biblio)
Koha item type Books in Stacks (Lending)
Holdings
Lost status Damaged status Collection code Home library Current library Shelving location Date acquired Full call number Accession Number Item type
    Lending WERC Library WERC Library Social Science Cupboard 03/31/2024 305 ROU 5480 Books in Stacks (Lending)

© WERC Library